000 00220 a2200109 4500
020 _a9781984831033
041 _aspa
100 _aSuess, Dr
245 _aEl Gato ensombrerado ha Regraresado
942 _cBK
952 _74
999 _c24829
_d24829